[Event "Buenos Aires op 3rd"]
[Site "Buenos Aires"]
[Date "2025.07.13"]
[Round "4"]
[White "Kaplinsky, Santiago"]
[Black "Sturla, Roberto"]
[Result "1-0"]
[WhiteElo "1739"]
[BlackElo "1490"]
[PlyCount "110"]
[EventDate "2025.07.11"]
[EventType "swiss"]
[EventRounds "9"]
[EventCountry "ARG"]
[SourceTitle "CB30_2025"]
[SourceDate "2025.07.23"]
[SourceVersion "1"]
[SourceVersionDate "2025.07.23"]
[SourceQuality "1"]

1. e4 e6 2. d4 d5 3. Nc3 c5 4. Nf3 Nc6 5. Bb5 a6 6. Bxc6+ bxc6 7. e5 cxd4 8. Qxd4 c5 9. Qg4 Nh6 10. Bxh6 gxh6 11. 0-0 Rb8 12. Rab1 Bb7 13. Rfd1 Bc6 14. Ne4 Be7 15. Qg7 Kd7 16. Qxf7 Kc8 17. Qxe6+ Kb7 18. Nd6+ Bxd6 19. exd6 Re8 20. Qxh6 Ka8 21. b4 c4 22. Nd4 Qb6 23. c3 a5 24. Nxc6 Qxc6 25. bxa5 Rbd8 26. h3 Rxd6 27. Qxh7 Rd7 28. Qh5 Red8 29. Rd4 Re7 30. Rbd1 Red7 31. g3 Qb5 32. a6 Ka7 33. h4 Kxa6 34. Kg2 Ka5 35. g4 Ka4 36. g5 Qb2 37. Qf3 Qb7 38. Qe2 Ka3 39. f4 Qc6 40. Kg3 Rb8 41. h5 Rb2 42. R1d2 Rb1 43. Qe3 Qb7 44. g6 Re7 45. Qf3 Ree1 46. Qxd5 Rg1+ 47. Rg2 Rxg2+ 48. Qxg2 Qe7 49. Re4 Qg7 50. Rxc4 Qa7 51. Rd4 Qc5 52. Qa8+ Kb2 53. Rb4+ Ka1 54. Rxb1+ Kxb1 55. Qe4+ Kxa2 1-0